ARRUPE JESUIT UNIVERSITY

CORONAVIRUS -STOP THE SPREAD - CLEAN,DISINFECT,COVER

Richard J. Foster's Study Guide for Celebration of discipline : (Record no. 122488)

MARC details
000 -LEADER
fixed length control field 00839cam a2200277 i 4500
001 - CONTROL NUMBER
control field 4432680
003 - CONTROL NUMBER IDENTIFIER
control field ARRUPE
005 - DATE AND TIME OF LATEST TRANSACTION
control field 20150325171509.0
008 - FIXED-LENGTH DATA ELEMENTS--GENERAL INFORMATION
fixed length control field 780316s1978 cau 000 0 eng
010 ## - LIBRARY OF CONGRESS CONTROL NUMBER
LC control number 77020444
020 ## - INTERNATIONAL STANDARD BOOK NUMBER
International Standard Book Number 0060628316
035 ## - SYSTEM CONTROL NUMBER
System control number (OCoLC)3870394
035 ## - SYSTEM CONTROL NUMBER
System control number (OCoLC)ocm03870394
035 ## - SYSTEM CONTROL NUMBER
System control number (NNC)4432680
040 ## - CATALOGING SOURCE
Original cataloging agency DLC
Transcribing agency DLC
Modifying agency NNUT
050 0# - LIBRARY OF CONGRESS CALL NUMBER
Classification number BV4501.2
Item number .F655 1978
090 ## - LOCALLY ASSIGNED LC-TYPE CALL NUMBER (OCLC); LOCAL CALL NUMBER (OCLC)
Classification number (OCLC) (R) ; Classification number, CALL (RLIN) (NR) BV4501.2
Local cutter number (OCLC) ; Book number/undivided call number, CALL (RLIN) .F655 1978
300 ## - PHYSICAL DESCRIPTION
Dimensions 21 cm.
100 1# - MAIN ENTRY--PERSONAL NAME
Personal name Foster, Richard J.
9 (RLIN) 16533
245 10 - TITLE STATEMENT
Title Richard J. Foster's Study Guide for Celebration of discipline :
Statement of responsibility, etc Richard J. Foster.
260 ## - PUBLICATION, DISTRIBUTION, ETC. (IMPRINT)
Place of publication, distribution, etc San Francisco :
Name of publisher, distributor, etc Harper & Row,
Date of publication, distribution, etc c1978.
300 ## - PHYSICAL DESCRIPTION
Extent xii, 78 p. ;
600 ## - SUBJECT ADDED ENTRY--PERSONAL NAME
Personal name Foster, Richard J. Celebration of Discipline
9 (RLIN) 16534
650 #0 - SUBJECT ADDED ENTRY--TOPICAL TERM
Topical term or geographic name as entry element Spiritual life
General subdivision Quaker authors.
9 (RLIN) 16535
942 ## - ADDED ENTRY ELEMENTS (KOHA)
Source of classification or shelving scheme Library of Congress Classification
Koha item type Monograph ( Printed materials)
Holdings
Withdrawn status Lost status Source of classification or shelving scheme Damaged status Not for loan Collection code Home library Current library Shelving location Date acquired Total Checkouts Full call number Barcode Date last seen Price effective from Koha item type
    Library of Congress Classification     Main Collection ARRUPE LIBRARY ARRUPE LIBRARY Main Collection 25/03/2015   BV4501.2 .F655 1978 46500002604 24/01/2017 25/03/2015 Monograph ( Printed materials)

 

Arrupe Library. PO Box MP320 Mt Pleasant, Harare, Zimbabwe
263 242 745411|librarian@aju.ac.zw